Shahāb Banglah-Urdū ṭīcar. (Record no. 77194)
[ view plain ]
| 000 -LEADER | |
|---|---|
| fixed length control field | 00789cam a22002651 4500 |
| 001 - CONTROL NUMBER | |
| control field | sa 68000411 |
| 003 - CONTROL NUMBER IDENTIFIER | |
| control field | DLC |
| 005 - DATE AND TIME OF LATEST TRANSACTION | |
| control field | 20260227112423.0 |
| 008 - FIXED-LENGTH DATA ELEMENTS--GENERAL INFORMATION | |
| fixed length control field | 940615s1965 pk 000 0 urdo |
| 010 ## - LIBRARY OF CONGRESS CONTROL NUMBER | |
| LC control number | sa 68000411 |
| 025 ## - OVERSEAS ACQUISITION NUMBER | |
| Overseas acquisition number | PL480:P-U-1522 |
| 035 ## - SYSTEM CONTROL NUMBER | |
| System control number | (OCoLC)30612440 |
| 040 ## - CATALOGING SOURCE | |
| Original cataloging agency | DLC |
| Transcribing agency | CU |
| Modifying agency | CU |
| -- | DLC |
| 041 0# - LANGUAGE CODE | |
| Language code of text/sound track or separate title | urdben |
| 042 ## - AUTHENTICATION CODE | |
| Authentication code | premarc |
| 050 00 - LIBRARY OF CONGRESS CALL NUMBER | |
| Classification number | PK1661.5 |
| Item number | .S45 1965 |
| 100 1# - MAIN ENTRY--PERSONAL NAME | |
| Personal name | Shehabuddin, Qazi Mohammad, |
| Dates associated with a name | 1923- |
| 245 10 - TITLE STATEMENT | |
| Title | Shahāb Banglah-Urdū ṭīcar. |
| 260 ## - PUBLICATION, DISTRIBUTION, ETC. | |
| Date of publication, distribution, etc. | 1965. |
| 300 ## - PHYSICAL DESCRIPTION | |
| Extent | 160 p. |
| Dimensions | 22 cm. |
| 500 ## - GENERAL NOTE | |
| General note | Earlier edition published under title: Śehāba Bāṃlā Uradū ṭicāra. |
| 500 ## - GENERAL NOTE | |
| General note | Urdu and Bengali. |
| 650 #0 - SUBJECT ADDED ENTRY--TOPICAL TERM | |
| Topical term or geographic name entry element | Bengali language |
| General subdivision | Textbooks for foreign speakers |
| -- | Urdu. |
| 740 0# - ADDED ENTRY--UNCONTROLLED RELATED/ANALYTICAL TITLE | |
| Uncontrolled related/analytical title | Śehāba Bāṃlā Uradū ṭicāra. |
No items available.